The most expensive incoming and outgoing transfers in the Dutch Eredivisie - Statistics

General Stats
  • This quiz has been taken 191 times
  • The average score is 15 of 41
Answer Stats
# Player From To Amount % Correct
1 Memphis Depay PSV Man Utd €34 mln
79%
# Player From To Amount
74%
4 Zlatan Ibrahimovic Malmö FF Ajax €7,8 mln
72%
18 Zlatan Ibrahimovic Ajax Juventus €16 mln
72%
5 Wesley Sneijder Ajax Real Madrid €27 mln
67%
9 Dirk Kuyt Feyenoord Liverpool € 18mln
64%
10 Arjen Robben PSV Chelsea € 18mln
63%
2 Arkadiusz Milik Ajax Napoli €32 mln
62%
14 Luuk de Jong Borussia Mönchebgladbach PSV €5,5 mln
61%
6 Luis Suárez Ajax Liverpool € 26,5 mln
60%
8 Georginio Wijnaldum PSV Newcastle United €20 mln
56%
4 Klaas-Jan Huntelaar Ajax Real Madrid €27 mln
56%
12 Daley Blind Ajax Man Utd €17,5 mln
54%
7 Vincent Janssen AZ Tottenham €22,1 mln
52%
17 Wilfried Bony Vitesse Swansea City €16 mln
52%
20 Dusan Tadic FC Twente Southampton €14 mln
47%
1 Mateja Kezman Partizan PSV €14 mln
44%
18 Ronaldo Cruzeiro PSV €5,48 mln
44%
19 Ronaldo PSV FC Barcelona €15 mln
44%
16 Afonso Alves SC Heerenveen Middlesbrough €17 mln
43%
13 Kevin Strootman PSV AS Roma €17,5 mln
38%
14 Ryan Babel Ajax Liverpool €17,25 mln
35%
3 Ruud van Nistelrooy PSV Man Utd 28,5 mln
28%
11 Graziano Pelle US Lecce AZ €6 mln
27%
15 Jaap Stam PSV Man Utd €17 mln
25%
15 Bryan Ruiz AA Gent FC Twente €5,5 mln
22%
10 Luc Castaignos Internazionale FC Twente €6 mln
22%
7 Marc Janko Red Bull Salzburg FC Twente €7 mln
22%
17 Shinji Ono Urawa Reds Feyenoord €5,5 mln
20%
6 Gastón Pereiro Nacional PSV €7 mln
19%
19 Julio Cruz River Plate Feyenoord €5,4 mln
17%
9 Danko Lazovic Partizan Feyenoord €7 mln
16%
11 Christian Chivu Ajax AS Roma € 18mln
14%
20 Markus Rosenberg Malmö FF Ajax €5,3 mln
13%
13 Mateo Cassierra Deportivo Cali Ajax €5,5 mln
12%
8 Dario Cvitanich CA Banfield Ajax €7 mln
11%
12 Wesley Sonck KRC Genk Ajax €6 mln
10%
3 Albert Luque Newcastle Ajax €8 mln
9%
5 Michael Laudrup Vissel Kobe Ajax €7,5 mln
7%
2 Giorgi Kinkladze Man City Ajax €8 mln
5%
16 Leandro Bonfim EC Vitória PSV €5,5 mln
1%
No matching quizzes found
Score Distribution
Percent of People with Each Score
Percentile by Number Answered
Your Score History
You have not taken this quiz